International investment towards the year 2002
Uložené v:
| Hlavný autor: | |
|---|---|
| Médium: | Kniha |
| Jazyk: | English |
| Vydavateľské údaje: |
New York
United Nations
1998
|
| Predmet: | |
| Tagy: |
Žiadne tagy, Buďte prvý, kto otaguje tento záznam!
|
MARC
| LEADER | 00000nam a2200000 4500 | ||
|---|---|---|---|
| 001 | c124749 | ||
| 005 | 20221221082718.2 | ||
| 020 | |a 92-1-100755-5 | ||
| 041 | 0 | |a eng | |
| 044 | |a US | ||
| 245 | 1 | 0 | |a International investment |b towards the year 2002 |c Fabrice Hatem |
| 264 | 1 | |a New York |b United Nations |c 1998 | |
| 300 | |a 167 s. | ||
| 610 | 2 | 0 | |a investície priame zahraničné |
| 610 | 2 | 0 | |a podnikanie medzinárodné |
| 610 | 2 | 0 | |a joint ventures |
| 610 | 2 | 0 | |a podnik medzinárodný |
| 610 | 2 | 0 | |a priemysel |
| 610 | 2 | 0 | |a rozvoj hospodársky |
| 610 | 2 | 0 | |a 2002 |
| 100 | 1 | |a Hatem, Fabrice | |